Conflicts over Extractivist Policy and the Forest Frontier in Central America = Conflictos sobre política extractivista y la frontera forestal de América Central /

Trabajo que se concentra en la situación forestal de América Central, zona que se caracteriza por una transición forestal asimétrica en la que la deforestación es producto tanto de la pérdida de bosques como de parches de resurgimiento forestal. El artículo comienza por señalar que la pérdida de bos...

Cur síos iomlán

Sábháilte in:
Sonraí bibleagrafaíochta
Príomhchruthaitheoir: Bebbington, Anthony James
Rannpháirtithe: Sauls, Laura Aileen, Rosa, Herman, Fash, Benjamin, Bebbington, Denise Humphreys
Formáid: LEABHAR
Teanga:Spanish
Ábhair:
Rochtain ar líne:texto completo desde el sitio de la revista
Clibeanna: Cuir clib leis
Níl clibeanna ann, Bí ar an gcéad duine le clib a chur leis an taifead seo!

MARC

LEADER 00000nam a22000007a 4500
003 cru CIDCACS/IIS
005 20211202164319.0
007 ta
008 191127s2018 ne ||||| |||| 00| 0 spa||
040 |c cru CIDCACS/IIS 
100 1 |a Bebbington, Anthony James  |9 8809 
245 1 |a Conflicts over Extractivist Policy and the Forest Frontier in Central America =  |b Conflictos sobre política extractivista y la frontera forestal de América Central /  |c Anthony James Bebbington, Laura Aileen Sauls, Herman Rosa, Benjamin Fash, Denise Humphreys Bebbington 
300 |a páginas 107-137:  |b tabla, mapas 
520 |a Trabajo que se concentra en la situación forestal de América Central, zona que se caracteriza por una transición forestal asimétrica en la que la deforestación es producto tanto de la pérdida de bosques como de parches de resurgimiento forestal. El artículo comienza por señalar que la pérdida de bosques también está asociada con violaciones de derechos. Se explora hasta qué punto las inversiones en industrias e infraestructuras extractivas crean presión sobre los recursos forestales, los derechos de la comunidad y los medios de vida. Se identifican los impulsores de esta inversión, en particular: reformas constitucionales, legislativas y reglamentarias; políticas energéticas, nuevos flujos financieros, e ideas de desarrollo enfatizan la centralidad de la infraestructura en combinación con la integración geográfica y el crecimiento económico. El trabajo discute formas de acción contenciosa que han surgido en respuesta a estas presiones, cuestionando cuántos y cómo se ha provocado este conflicto cambios en las políticas que gobiernan la inversión y la industria extractiva, y hasta qué punto dichos cambios podrían reducir la presión sobre el bosque restante de América Central. El documento desarrolla un marco conceptual para analizar las relaciones entre la contención, el cambio de política y la resistencia de los cambios de política. SCA/021221 
650 0 |9 3691  |a POLITICA 
650 0 |9 3657  |a POLITICA ENERGETICA 
650 0 |9 3653  |a POLITICA FORESTAL  
650 0 |9 3  |a MOVIMIENTOS SOCIALES 
651 0 |9 128  |a AMERICA CENTRAL 
700 1 |9 8810  |a Sauls, Laura Aileen 
700 1 |9 8811  |a Rosa, Herman  
700 1 |9 8812  |a Fash, Benjamin  
700 1 |9 8813  |a Bebbington, Denise Humphreys 
773 0 |0 19150  |9 2909  |a Centro de Estudios Latinoamericanos y Documentación   |d Amsterdam, Países Bajos Centro de Estudios Latinoamericanos y Documentación   |o 17048  |t Revista Europea de Estudios Latinoamericanos y El Caribe =  |x 09240608 
856 |u https://www.erlacs.org/articles/abstract/10.32992/erlacs.10400/  |y texto completo desde el sitio de la revista 
942 |2 ddc  |c PP 
999 |c 42646  |d 42646